UM Logo

Operating wind power plants under weak grid conditions considering voltage stability constraints / (Record no. 21571)

MARC details
000 -LEADER
fixed length control field 01194nam a22002777a 4500
003 - CONTROL NUMBER IDENTIFIER
control field OSt
005 - DATE AND TIME OF LATEST TRANSACTION
control field 20250410112828.0
008 - FIXED-LENGTH DATA ELEMENTS--GENERAL INFORMATION
fixed length control field 240912b ||||| |||| 00| 0 eng d
040 ## - CATALOGING SOURCE
Transcribing agency 0
082 ## - DEWEY DECIMAL CLASSIFICATION NUMBER
Classification number DPer 621.317 Ie21 December 2022 v.37 n. 12 part 1&2.
100 ## - MAIN ENTRY--PERSONAL NAME
Personal name Lund, Torsten.
Relator term author.
9 (RLIN) 60895
245 ## - TITLE STATEMENT
Title Operating wind power plants under weak grid conditions considering voltage stability constraints /
Statement of responsibility, etc. Torsten Lund, Heng Wu, Hamid Soltani, John Godak Nielsn, Gert Karmisholt, and Xiongfei Wang.
260 ## - PUBLICATION, DISTRIBUTION, ETC. (IMPRINT)
Place of publication, distribution, etc. New York ;
Name of publisher, distributor, etc. The Institute of Electrical and Electronics Engineers, Inc.,
Date of publication, distribution, etc. December 2022.
300 ## - PHYSICAL DESCRIPTION
Extent volume 37, pages 15482-15492,
Other physical details illustration.
500 ## - GENERAL NOTE
General note IEEE Transactions on Power Electronics, v. 37 n. 12, pages 15482-15492, December 2022.
650 #0 - SUBJECT ADDED ENTRY--TOPICAL TERM
Topical term or geographic name as entry element Control.
9 (RLIN) 66296
650 #0 - SUBJECT ADDED ENTRY--TOPICAL TERM
Topical term or geographic name as entry element stability.
9 (RLIN) 66297
650 #0 - SUBJECT ADDED ENTRY--TOPICAL TERM
Topical term or geographic name as entry element wind power plants (WPPs).
9 (RLIN) 66298
700 ## - ADDED ENTRY--PERSONAL NAME
Personal name Lund, Torsten.
Relator term author.
9 (RLIN) 60895
700 ## - ADDED ENTRY--PERSONAL NAME
Personal name Wu, Heng.
Relator term author.
9 (RLIN) 60896
700 ## - ADDED ENTRY--PERSONAL NAME
Personal name Soltani, Hamid.
Relator term author.
9 (RLIN) 60897
700 ## - ADDED ENTRY--PERSONAL NAME
Personal name Nielsn, John Godak.
Relator term author.
9 (RLIN) 60898
700 ## - ADDED ENTRY--PERSONAL NAME
Personal name Karmisholt, Gert.
Relator term author.
9 (RLIN) 60899
700 ## - ADDED ENTRY--PERSONAL NAME
Personal name Wang, Xiongfei,.
Relator term author.
9 (RLIN) 60900
942 ## - ADDED ENTRY ELEMENTS (KOHA)
Source of classification or shelving scheme Dewey Decimal Classification
Koha item type Periodicals
Holdings
Withdrawn status Lost status Source of classification or shelving scheme Damaged status Not for loan Collection code Home library Current library Date acquired Total Checkouts Full call number Date last seen Price effective from Koha item type Public note
    Dewey Decimal Classification     Periodicals UM Digos College - LIC UM Digos College - LIC 09/12/2024   DPer 621.317 Ie21 December 2022 v.37 n. 12 part 1&2. 09/12/2024 09/12/2024 Periodicals Periodical Article